000 00452nam a2200157Ia 4500
008 240729s9999 xx 000 0 und d
022 _a2147-4249
245 0 _aEurasian Journal of Soil Science
260 _aTürkiye
260 _bFederation of Eurasian Soil Science Societies
650 _a Agriculture (General)
650 _aAgriculture
856 _uhttps://doaj.org/toc/22a239b6beab478facf587229b15dc4b
942 _2ddc
942 _cDOAJEJ
999 _c72994
_d72994
945 _a1
_bMadushi Gamage
_c1
_dMadushi Gamage